LEADER 01414nam--2200433---450 001 990001214360203316 005 20220722091806.0 035 $a000121436 035 $aUSA01000121436 035 $a(ALEPH)000121436USA01 035 $a000121436 100 $a20031023d1957----km-y0itay0103----ba 101 0 $agrc 105 $a||||||||001yy 200 1 $aAeschyli septem quae supersunt tragoediae$fEschilo$grecensuit Gilbertus Murray 210 $aOxonii$cE Typographeo Clarendoniano$d1957 215 $aXVI, 375 p.$d19 cm. 225 2 $aScriptorum classicorum Bibliotheca oxoniensis 300 $aRist. dell'Ed. del 1955 410 0$12001$aScriptorum classicorum Bibliotheca oxoniensis 454 1$12001 461 1$1001-------$12001 700 1$aAESCHYLUS$0153340 702 1$aMURRAY,$bGilbertus 801 0$aIT$bsalbc$gISBD 912 $a990001214360203316 951 $aV.1. Coll.32/ 7(VIII A coll.34/6)$b48273 L.M.$cVIII A 951 $aXV 21 849$bDispac$cXV 21 959 $aBK 969 $aUMA 969 $aFPAV 979 $aSIAV3$b10$c20031023$lUSA01$h0911 979 $aSIAV3$b10$c20031023$lUSA01$h0932 979 $aSIAV3$b10$c20031023$lUSA01$h1133 979 $aPATRY$b90$c20040406$lUSA01$h1727 979 $aCOPAT6$b90$c20051116$lUSA01$h1458 979 $aCOPAT6$b90$c20060322$lUSA01$h1636 996 $aAeschyli septem quae supersunt tragoediae$9754782 997 $aUNISA LEADER 04203 am 2200757 n 450 001 9910136434703321 005 20151207 010 $a2-36245-051-1 024 7 $a10.4000/books.ifeagd.1491 035 $a(CKB)3710000000601042 035 $a(FrMaCLE)OB-ifeagd-1491 035 $a(oapen)https://directory.doabooks.org/handle/20.500.12854/52384 035 $a(PPN)198369336 035 $a(EXLCZ)993710000000601042 100 $a20160224j|||||||| ||| 0 101 0 $afre 135 $auu||||||m|||| 181 $ctxt$2rdacontent 182 $cc$2rdamedia 183 $acr$2rdacarrier 200 12$aL?horloger du sérail $eAux sources du fantasme oriental chez Jean-Jacques Rousseau /$fPaul Dumont, Remy Hildebrand 210 $a?stanbul $cInstitut français d?études anatoliennes$d2015 215 $a1 online resource (196 p.) 311 $a2-7068-1931-6 330 $a« Mon père, après la naissance de mon frère unique, partit pour Constantinople où il était appelé, et devint horloger du Sérail », lit-on dans les Confessions de J.-J. Rousseau. Artisan spécialisé dans le « rhabillage » des horloges, Isaac Rousseau séjourna à Istanbul de 1705 à 1711, à une époque où la civilisation ottomane s?apprêtait à se laisser aller à L?ivresse de l?époque des tulipes. Il y rejoignit d?autres Genevois qui se consacraient au commerce et à la réparation des « montres turques », objets dont la délicate mécanique ne servait pas seulement à mesurer le temps mais symbolisait aussi, aux yeux des philosophes, les rouages de la société humaine. De retour à Genève, Isaac fut-il l?un de ces voyageurs qui, revenus au bercail, envoûtent leurs proches du récit de leurs souvenirs ? L??uvre de Jean-Jacques est traversée de motifs qui semblent devoir beaucoup aux quelques années passées par notre rhabilleur sur les rives du Bosphore, au service d?un Sérail dont les secrets peuplaient l?imagination de l?Europe des Lumières. Quelle fut l?influence du fantasme oriental dans la vie et l??uvre du Citoyen de Genève ? C?est la question à laquelle veut répondre cet ouvrage. L?enquête porte d?abord sur Isaac et la congrégation genevoise d?Istanbul, mais prend également en compte les tribulations d?une branche « persane » de la famille Rousseau. Chemin faisant, elle se penche sur l??uvre de J.-É. Liotard, peintre genevois qui, ayant travaillé dans la capitale ottomane, contribua au succès des « turqueries ». Dans une deuxième partie, des spécialistes de J.-J. Rousseau sondent son ?uvre à la recherche de réminiscences paternelles, tandis que d?autres contributions cernent les cheminements de l?orientalisme littéraire en vogue au siècle des Lumières. 606 $aHistory 606 $aLiterature (General) 606 $aJean-Jacques Rousseau 606 $aEmpire ottoman 606 $aEurope 606 $aorientalisme 606 $aXVIIIème siècle 606 $areprésentations 610 $aEmpire ottoman 610 $aEurope 610 $aJean-Jacques Rousseau 610 $aorientalisme 610 $areprésentations 610 $aXVIIIème siècle 615 4$aHistory 615 4$aLiterature (General) 615 4$aJean-Jacques Rousseau 615 4$aEmpire ottoman 615 4$aEurope 615 4$aorientalisme 615 4$aXVIIIème siècle 615 4$areprésentations 700 $aBerchtold$b Jacques$0252048 701 $aBocquentin$b Françoise$01309514 701 $aBuyssens$b Danielle$01309515 701 $aDavid$b Thomas$0411798 701 $aDumont$b Paul$0253967 701 $aGyger$b Walter B$01309516 701 $aHildebrand$b Rémy$01309517 701 $aK?l?ç$b Alev$01309518 701 $aLefebvre$b Frédéric$01309519 701 $aNeaimi$b Sadek$01309520 701 $aTinguely$b Frédéric$0697214 701 $aVan Staen$b Christophe A. J. D$01309521 701 $aDumont$b Paul$0253967 701 $aHildebrand$b Remy$01309517 801 0$bFR-FrMaCLE 906 $aBOOK 912 $a9910136434703321 996 $aL?horloger du sérail$93029374 997 $aUNINA LEADER 03227nam 22007215 450 001 9910427715603321 005 20251225184953.0 010 $a981-15-8101-0 024 7 $a10.1007/978-981-15-8101-4 035 $a(CKB)4100000011446396 035 $a(DE-He213)978-981-15-8101-4 035 $a(MiAaPQ)EBC6348883 035 $a(PPN)260305405 035 $a(EXLCZ)994100000011446396 100 $a20200912d2020 u| 0 101 0 $aeng 135 $aurnn|008mamaa 181 $ctxt$2rdacontent 182 $cc$2rdamedia 183 $acr$2rdacarrier 200 10$aArtificial Intelligence and Security $e6th International Conference, ICAIS 2020, Hohhot, China, July 17?20, 2020, Proceedings, Part III /$fedited by Xingming Sun, Jinwei Wang, Elisa Bertino 205 $a1st ed. 2020. 210 1$aSingapore :$cSpringer Nature Singapore :$cImprint: Springer,$d2020. 215 $a1 online resource (XVII, 683 p. 304 illus., 167 illus. in color.) 225 1 $aCommunications in Computer and Information Science,$x1865-0937 ;$v1254 300 $aIncludes index. 311 08$a981-15-8100-2 327 $ainformation security -- big data and cloud computing -- information processing. 330 $aThe 3-volume set CCIS 1252 until CCIS 1254 constitutes the refereed proceedings of the 6th International Conference on Artificial Intelligence and Security, ICAIS 2020, which was held in Hohhot, China, in July 2020. The conference was formerly called ?International Conference on Cloud Computing and Security? with the acronym ICCCS. The total of 178 full papers and 8 short papers presented in this 3-volume proceedings was carefully reviewed and selected from 1064 submissions. The papers were organized in topical sections as follows: Part I: artificial intelligence; Part II: artificial intelligence; Internet of things; information security; Part III: information security; big data and cloud computing; information processing. 410 0$aCommunications in Computer and Information Science,$x1865-0937 ;$v1254 606 $aData protection 606 $aComputer engineering 606 $aComputer networks 606 $aComputer systems 606 $aCryptography 606 $aData encryption (Computer science) 606 $aData and Information Security 606 $aComputer Engineering and Networks 606 $aComputer Communication Networks 606 $aComputer System Implementation 606 $aCryptology 615 0$aData protection. 615 0$aComputer engineering. 615 0$aComputer networks. 615 0$aComputer systems. 615 0$aCryptography. 615 0$aData encryption (Computer science) 615 14$aData and Information Security. 615 24$aComputer Engineering and Networks. 615 24$aComputer Communication Networks. 615 24$aComputer System Implementation. 615 24$aCryptology. 676 $a363.24 702 $aWang$b Jinwei 702 $aBertino$b Elisa 702 $aSun$b Xingming 801 0$bMiAaPQ 801 1$bMiAaPQ 801 2$bMiAaPQ 906 $aBOOK 912 $a9910427715603321 996 $aArtificial intelligence and security$91999223 997 $aUNINA